000 00534nam a2200181 a 4500
001 12910
003 CO-ViMGA
008 141112s2004 ck r 000 u spa d
040 _aCO-ViMGA
_bspa
_cCO-ViMGA
082 0 4 _aR737.097287 C65c
100 1 _aConte Porras,
_918775
245 1 0 _aColeccion Numismatica PanameƱa
260 _aPanama,
_cBanco Nacional de Panama Ediciones,
_c1982
300 _a127 p, fotos
650 1 4 _aMONEDA - PANAMA - HISTORIA
_918776
650 1 4 _aNUMISMATICA - PANAMA - CATALOGOS
_918777
942 _2ddc
_cBK
999 _c23811
_d23811